| 000 | 00459cam a2200157 a 4500 | ||
|---|---|---|---|
| 020 | _a0436506017 : | ||
| 040 | _cDLC | ||
| 082 | 0 | 0 | _a940 L.CO 1984 A104 Or. |
| 100 | 1 | _aSutherland, Douglas, | |
| 245 | 1 | 0 |
_aSutherland's war : _ban English gentleman goes into battle / |
| 260 |
_aLondon : _bL. Cooper in association with Secker & Warburg, _c1984. |
||
| 300 |
_a182 p. : _bill. ; _c23 cm. |
||
| 650 | 0 | _aWorld War, 1939-1945 | |
| 650 | 0 | _aSoldiers | |
| 942 | _cEK | ||
| 999 |
_c15205 _d15205 |
||